| 000 | 00852nas a22003017a 4500 | ||
|---|---|---|---|
| 001 | dpl | ||
| 005 | 20130926103615.0 | ||
| 008 | 121126c199u9999ii fr 0 0eng | ||
| 010 | _a 2012350151 | ||
| 022 | _a0975-4911 | ||
| 025 | _aI-E-E-2012-350151; 02 | ||
| 035 | _a(OCoLC)ocn819312707 | ||
| 040 |
_aDLC _cDLC _dDLC |
||
| 042 | _apcc | ||
| 043 | _aa-ii--- | ||
| 050 | 0 | 0 | _aIN PROCESS |
| 210 | 0 | _aKelpro bull. | |
| 222 | 0 | _aKelpro bulletin | |
| 245 | 0 | 0 | _aKelpro bulletin. |
| 260 |
_aThiruvananthapuram : _bKerala Library Professionals' Organisation |
||
| 300 |
_av. ; _c28 cm. |
||
| 310 | _abi-annual | ||
| 650 | _aLibrary science | ||
| 710 | 2 | _aKerala Library Professionals' Organisation (Trivandrum, India) | |
| 270 |
_bThiruvananthapuram _e695034 _j9847541973 _mhumayoonkabirs@gmail.com |
||
| 942 |
_2ddc _cSR _s1 |
||
| 999 |
_c79651 _d79651 |
||